Welcome to WEB OPAC of MRSPTU Central Library

Digital signal processing ( with matlab programs) (Record no. 5995)

MARC details
000 -LEADER
fixed length control field 00443nam a2200169Ia 4500
008 - FIXED-LENGTH DATA ELEMENTS--GENERAL INFORMATION
fixed length control field 230711s9999||||xx |||||||||||||| ||und||
020 ## - INTERNATIONAL STANDARD BOOK NUMBER
International Standard Book Number 978-93-5014-400-8
041 ## - LANGUAGE CODE
Language code of text/sound track or separate title ENG
082 ## - DEWEY DECIMAL CLASSIFICATION NUMBER
Classification number 621.382
Item number SH-D
100 ## - MAIN ENTRY--PERSONAL NAME
Personal name Sharma,Sanjay
245 #0 - TITLE STATEMENT
Title Digital signal processing ( with matlab programs)
250 ## - EDITION STATEMENT
Edition statement 7th Ed.
260 ## - PUBLICATION, DISTRIBUTION, ETC.
Date of publication, distribution, etc. 2016
Place of publication, distribution, etc. New Delhi
Name of publisher, distributor, etc. S.K Kataria & Sons
300 ## - PHYSICAL DESCRIPTION
Extent 901p.
650 ## - SUBJECT ADDED ENTRY--TOPICAL TERM
Topical term or geographic name entry element Electronics Engineering
942 ## - ADDED ENTRY ELEMENTS (KOHA)
Koha item type Book
Holdings
Withdrawn status Lost status Damaged status Not for loan Collection Home library Current library Date acquired Cost, normal purchase price Inventory number Total checkouts Full call number Barcode Date last seen Price effective from Koha item type Date last checked out
          MRSPTU Central Library MRSPTU Central Library   450.00 2942478   621.382 SH-D 32509 08/17/2023 08/17/2023 Book  
          MRSPTU Central Library MRSPTU Central Library   450.00 2942478   621.382 SH-D 32510 08/17/2023 08/17/2023 Book  
          MRSPTU Central Library MRSPTU Central Library   450.00 2942478 4 621.382 SH-D 32511 02/10/2026 08/17/2023 Book 01/20/2026
          MRSPTU Central Library MRSPTU Central Library   450.00 2942478 1 621.382 SH-D 32512 02/10/2026 08/17/2023 Book 01/20/2026
          MRSPTU Central Library MRSPTU Central Library   450.00 2942478 2 621.382 SH-D 32513 02/10/2026 08/17/2023 Book 01/20/2026
          MRSPTU Central Library MRSPTU Central Library   450.00 2942478 1 621.382 SH-D 32514 02/10/2026 08/17/2023 Book 01/20/2026
          MRSPTU Central Library MRSPTU Central Library   450.00 2942478   621.382 SH-D 32515 08/17/2023 08/17/2023 Book  
          MRSPTU Central Library MRSPTU Central Library   450.00 2942478 2 621.382 SH-D 32516 03/13/2026 08/17/2023 Book 01/29/2026

Website Designed and Developed by MRSPTU Central Library Team

E-mail Id: librarian@mrsptu.ac.in